000 00831nam a2200217 a 4500
001 000005818
005 20200929151810.0
008 090824s1984 dr 000 0 spa d
040 _aDO-SdBNP
_bspa
_cBNPHU
082 _a336.24
_bH565m
100 1 _aHerrera Morla, Miguel Ángel,
_d1968-
_916442
245 1 0 _aManual práctico de impuesto sobre la renta /
_cMiguel Ángel Herrera Morla.
260 _aSanto Domingo :
_bTaller,
_c1984.
300 _a264 p. :
_bil. ;
_c23 cm.
500 _aIncluye referencias bibliográficas y notas al pie de las páginas
500 _aIncluye datos biográficos del autor en la contracubierta
504 _aBibliografía : P. 255-258
590 _aInventariado, 2018/LP
650 4 _aImpuesto sobre la renta
_zRepública Dominicana
_vMANUALES
_916443
910 _aValidado. Control de calidad MFF
999 _c5614
_d5614